000 01830cam a2200169 4500500
005 20260208003818.0
041 _afre
042 _adc
100 1 0 _aRosier, Laurence
_eauthor
245 0 0 _aL’Analyse du discours Francine MAZIERE PUF, 2005, Que sais-je ?
260 _c2005.
500 _a24
520 _aL’article se propose de confronter analyse du discours et sociolinguistique, deux disciplines apparues dans les années soixante et dont les problématiques interfèrent souvent dans l’étude de l’activité langagière. En mettant l’accent sur les manières de travailler des chercheurs, les auteurs dégagent à la fois ce que chacune a de spécifique et ce qu’elles partagent. Ils montrent comment ces deux disciplines participent aujourd’hui d’un horizon intellectuel commun, caractérisé, entre autre, par l’intérêt pour le médium, pour le traitement informatique des corpus, pour les interactions verbales et l’interdisciplinarité.
520 _aSociolinguistics and Discourse analysis: ways of speaking, ways of doing This paper proposes to confront Discourse analysis with Sociolinguistics, two disciplines that appeared in the 1960s and whose theories frequently overlapped in when studying language activity. By examining the ways researchers operate, the authors bring to light both the factors that make them unique and the elements they share. They also show how the two disciplines are presently part of a common intellectual horizon, characterised, among others, by an interest for the medium, the computerized treatment of corpora, verbal interactions and interdisciplinarity.
786 0 _nLangage et société | 114 | 4 | 2005-12-01 | p. 149b-157b | 0181-4095
856 4 1 _uhttps://shs.cairn.info/revue-langage-et-societe-2005-4-page-149b?lang=fr&redirect-ssocas=7080
999 _c1649026
_d1649026